| Tag |
First Indicator |
Second Indicator |
Subfields |
| LEADER |
00000cam a2200000Ii 4500 |
| 001 |
in00004401366 |
| 008 |
200703t20202020gw ac 000 0 eng d |
| 005 |
20250318223758.8 |
| 019 |
|
|
|a 1137817017
|
| 020 |
|
|
|a 9783868289732
|
| 020 |
|
|
|a 3868289739
|
| 035 |
|
|
|a (OCoLC)on1164373276
|
| 035 |
|
|
|a (OCoLC)1164373276
|z (OCoLC)1137817017
|
| 040 |
|
|
|a ERASA
|b eng
|e rda
|c ERASA
|d JPG
|d YDX
|d BDX
|d OHX
|
| 043 |
|
|
|a f-cf---
|
| 050 |
|
4 |
|a TR679
|b .Z35 2020
|
| 082 |
0 |
4 |
|a 770
|
| 100 |
1 |
|
|a Zaidi, Tariq,
|e author,
|e photographer.
|
| 240 |
1 |
0 |
|a Photographs.
|k Selections
|
| 245 |
1 |
0 |
|a Sapeurs :
|b ladies and gentlemen of the Congo /
|c Tariq Zaidi.
|
| 246 |
3 |
0 |
|a Ladies and gentlemen of the Congo
|
| 264 |
|
1 |
|a Heidelberg :
|b Kehrer Verlag,
|c [2020]
|
| 264 |
|
4 |
|c ©2020
|
| 300 |
|
|
|a 144 pages :
|b color illustrations, portraits ;
|c 28 cm
|
| 336 |
|
|
|a still image
|b sti
|2 rdacontent
|
| 336 |
|
|
|a text
|b txt
|2 rdacontent
|
| 337 |
|
|
|a unmediated
|b n
|2 rdamedia
|
| 338 |
|
|
|a volume
|b nc
|2 rdacarrier
|
| 520 |
8 |
|
|a British photographer Tariq Zaidi presents a fashion subculture of Kinshasa & Brazzaville: La Sape, Société des Ambianceurs et des Personnes Élégantes (Society of Ambiance-Makers & Elegant People). Its followers are known as ?Sapeurs± (?Sapeuses± for women). Most have ordinary day jobs as taxi-drivers, tailors and gardeners, but as soon as they clock off they transform themselves into debonair dandies. Sashaying through the streets they are treated like rock stars ? turning heads, bringing ?joie de vivre? to their communities and defying their circumstances. Traditionally passed down through the male line, many Congolese women and their children have recently begun donning designer suits. As Papa Wemba (1949?2016, Congolese singer and fashion icon who popularized Sape) once said: ?White people invented the clothes, but we make an art of it.±
|
| 600 |
1 |
0 |
|a Zaidi, Tariq.
|
| 650 |
|
0 |
|a Fashion photography
|z Congo (Brazzaville)
|
| 650 |
|
0 |
|a Portrait photography
|z Congo (Brazzaville)
|
| 852 |
8 |
|
|b pda,print
|z This title is available for the library to purchase for your use. Click the "Purchase It For Me" button to place a request. This item may take 5-10 business days to arrive.
|
| 955 |
|
|
|a Print PDA title
|
| 999 |
f |
f |
|s ecc9423a-f9b6-4de0-a69b-26d22173b844
|i e49052cb-2bf0-3f29-b0f7-762c926bb9b1
|t 0
|
| 952 |
f |
f |
|a Texas A&M University
|b College Station
|c Sterling C. Evans Library
|d Purchase on Demand
|t 0
|e TR679 .Z35 2020
|h Library of Congress classification
|
| 998 |
f |
f |
|a TR679 .Z35 2020
|t 0
|l Purchase on Demand
|